000 00749nam a22001697a 4500
003 SGT
020 _a9788121905992
082 _a530,MAT
100 _aMATHUR,D.S.
245 _aMECHANICS
250 _a1ST
260 _aNEW DELHI
_bS.CHAND
_c2016
300 _a834
650 _aPHYSICS, MECHANICS
653 _a1. VECTORS 2. REFERENCE FRAMS- NEWTON'S LAWAS 3. RELATIVITY 4. NON-RELASTIVISTIC PARTICLE DYNAMICS 5. CONSERVATION LAWS - LAW OF CONSERVATION OF ENERGY 6. CONSERVATION LAWS (CONTD.)7. HARMONIC OSCILLATOR 8. HARMONIC OSCILLATOR (CONTD.) 9. WAVE MOTION 10. DYNAMIC OF RIGID BODIES 11.GRAVITATION - FIELDS AND POTENTIALS 12. ELASCITY 13. BENDING OF BEAMS 14.HYDRODYNAMICS - VISCOSITY 15. PRODUCTION AND MEASUREMENT
942 _2ddc
_cFPS
_01
999 _c9852
_d9852